FIFA Under-20 World Cup host countries - Statistics

General Stats
  • This quiz has been taken 15 times
  • The average score is 16 of 23
Answer Stats
Hint Answer % Correct
2023 Argentina
86%
2001 Argentina
86%
2007 canada
86%
1979 Japan
86%
1983 Mexico
86%
1993 Australia
79%
1981 Australia
79%
2009 Egypt
79%
2005 Netherlands
79%
2019 Poland
79%
1991 Portugal
79%
2013 Turkey
79%
1987 Chile
71%
2015 New Zealand
71%
1989 Saudi Arabia
71%
2017 South Korea
71%
1999 Nigeria
64%
2011 Colombia
57%
1995 Qatar
50%
1997 Malaysia
43%
2003 United Arab Emirates
43%
1985 Soviet Union
36%
1977 Tunisia
7%
No matching quizzes found
Score Distribution
Percent of People with Each Score
Percentile by Number Answered
Your Score History
You have not taken this quiz